00358nam a2200133Ia 4500100001100000942000700011654001500018245002600033260002200059300000800081546001200089999001700101952010600118 aMayer  cBK aManagement aProduction Management bMcGraw Hillc2001 a692 aENGLISH c21481d21481 001040708AFTaCRCEbCRCEd2023-03-17g47.60i1504l0o pAFT964r2023-03-17v47.60w2023-03-17yBK